| 000 | 01345nam a2200361 a 4500 | ||
|---|---|---|---|
| 001 | ebr10580582 | ||
| 003 | CaPaEBR | ||
| 006 | m u | ||
| 007 | cr cn||||||||| | ||
| 008 | 111114s2012 dcu sb 000 0 eng d | ||
| 010 | _z 2011045978 | ||
| 020 | _z9780821389690 | ||
| 020 | _z9780821389416 (e-book) | ||
| 040 |
_aCaPaEBR _cCaPaEBR |
||
| 035 | _a(OCoLC)776984918 | ||
| 050 | 1 | 4 |
_aHG3881.5.W57 _bL467 2012eb |
| 082 | 0 | 4 |
_a332.1/532 _223 |
| 100 | 1 | _aLeroy, Anne-Marie. | |
| 245 | 1 | 4 |
_aThe World Bank Group sanctions process and its recent reforms _h[electronic resource] / _cAnne-Marie Leroy, Frank Fariello. |
| 260 |
_aWashington, D.C. : _bWorld Bank, _c2012. |
||
| 300 | _avi, 41 p. | ||
| 490 | 0 | _aWorld Bank study | |
| 504 | _aIncludes bibliographical references. | ||
| 533 |
_aElectronic reproduction. _bPalo Alto, Calif. : _cebrary, _d2013. _nAvailable via World Wide Web. _nAccess may be limited to ebrary affiliated libraries. |
||
| 610 | 2 | 0 | _aWorld Bank Group. |
| 650 | 0 | _aEconomic sanctions. | |
| 650 | 0 |
_aEconomic assistance _xCorrupt practices. |
|
| 655 | 7 |
_aElectronic books. _2local |
|
| 700 | 1 | _aFariello, Frank. | |
| 710 | 2 | _aWorld Bank. | |
| 710 | 2 | _aebrary, Inc. | |
| 856 | 4 | 0 |
_uhttp://site.ebrary.com/lib/rucke/Doc?id=10580582 _zAn electronic book accessible through the World Wide Web; click to view |
| 999 |
_c84816 _d84816 |
||